Gaming Quiz

Random Gaming or Pokémon Quiz

Pokémon 2-Level New Letter Evolutions Quiz Stats

 Plays Quiz not verified by Sporcle

Score 0/42 Timer 05:00
0 Plays Today
% Correct
Pikachu
92%
Fearow
89.7%
Spearow
89.7%
Raichu
89%
Seaking
88%
Goldeen
87%
Golbat
84%
Zubat
84%
Arcanine
83%
Magikarp
83%
Gyarados
83%
Vulpix
82%
Ninetales
82%
Jigglypuff
82%
Growlithe
82%
Ekans
81%
Arbok
81%
Wigglytuff
81%
Seel
81%
Dewgong
80%
Drowzee
78%
% Correct
Koffing
78%
Horsea
78%
Grimer
77%
Muk
77%
Hypno
77%
Voltorb
77%
Weezing
77%
Persian
76%
Seadra
76%
Electrode
76%
Meowth
75%
Psyduck
73%
Golduck
73%
Mankey
73%
Primeape
73%
Ponyta
73%
Shellder
72%
Cloyster
72%
Rapidash
71%
Cubone
67%
Marowak
67%

You're not logged in!

Compare scores with friends on all Sporcle quizzes.
OR
Log In

Sporcle TV

Today on Sporcle TV


Watch our educational content, quiz creation guides, and fun videos on Sporcle TV.

Show Comments

Extras

Top Quizzes Today


Score Distribution

Your Account Isn't Verified!

In order to create a playlist on Sporcle, you need to verify the email address you used during registration. Go to your Sporcle Settings to finish the process.

Report this User

Report this user for behavior that violates our Community Guidelines.

Details: